| 000 | 01135nam a22003377i 4500 | ||
|---|---|---|---|
| 003 | EG-GICUC | ||
| 005 | 20260211161007.0 | ||
| 008 | 260211s1926 fr ||||fr||| 000 0 efredd | ||
| 040 |
_aEG-GiCUC _bfre _cEG-GiCUC _dEG-GiCUC _eRda |
||
| 082 | 0 | 4 |
_221 _a341.77 _bPR |
| 092 | 0 | 4 | _221 |
| 099 | _aLaw1 11 341.77 PR 1926 | ||
| 111 |
_aPremier Congrès De Police Judiciaire Internationale _c(Monaco: _n1: _d1926) |
||
| 245 | 1 | 0 |
_aPremier Congrès De Police Judiciaire Internationale / _cF. Larnaude, J.-a. Roux. _b _n |
| 246 | 1 | _aActes Du Congre. | |
| 264 | 1 |
_aParis : _bImprimerie Et Librairie Générale De Jurisprudence, _c1926. |
|
| 300 |
_a285page : _billustration ; _c 24 cm. |
||
| 336 |
_2rda contenu _a texte |
||
| 337 |
_2rda medias _aOrdinateur |
||
| 338 |
_2 transporteur rda _a Ressource en ligne |
||
| 500 | _a | ||
| 504 | _a | ||
| 546 | _aTexte en français | ||
| 650 | 1 | 4 |
_aDroit international public _2 |
| 651 | 1 | _2 | |
| 700 | 1 |
_aLarnaude,F _ePrésident |
|
| 700 | 1 |
_aRoux, J.-a _ePrésident |
|
| 856 | 4 | 0 | _uhttps://fll.law.cu.edu.eg/fulltext/bks/B11-07315.pdf |
| 905 | _a50 | ||
| 942 |
_2ddc _cBK _e21 _n0 |
||
| 999 |
_c62654 _d62654 |
||